000 00927nam a2200253Ia 4500
003 OSt
005 20221005110429.0
006 a|||||r|||| 00| 0
007 ta
008 221004b |||||||| |||| 00| 0 hin d
020 _a8170166276 (hbk)
_c125
024 _a99751
037 _b351, 02/03/2010, Swaraj Prakashan
_cTextual
040 _aCRL
_cCRL
_bhin
041 _2hin
_ahin
082 _aO152,3N12x, K6;Q0
100 _aविष्णु प्रभाकर
245 0 _aहॅंसते निर्झर दहकती भट्ठी
246 _aHaॅansate nirzar dahakatī bhaṭṭhī
260 _aनई दिल्ली
_bकिताबघर प्रकाशन भारत
_c2010
300 _a128पृ0
_ccm.
942 _hO152,3N12x, K6;Q0
_cTEXL
_2cc
999 _c1018780
_d1018780